00000000nam##2200000za#4500
0019.666542
003CaOODSP
00520210615122928
007ta
008150407|2005||||xxc|||||     f|0| 0 fre|d
020 |a0-662-69061-3
040 |aCaOODSP|bfre
041 |aeng
041 |afre
043 |an-cn---
0861 |aV32-151/2005
1101 |aCanada. |bAnciens combattants Canada.
24510|aLes Forces canadiennes dans les Balkans
260 |aCharlottetown - Ile du Prince-Édouard : |bAnciens Combattants Canada |c2005.
300 |a1 feuille pliée ([3p.]) : |bill., références ; |c28 cm.
500 |aEn tête du titre: Le Canada se souvient.
563 |aDépliant
590 |a06-14|b2006-04-07
69107|aAncien combattant|2gcpds
7760#|tLe Canada se souvient - les Forces canadiennes dans les Balkans |w(CaOODSP)9.643942
7760#|tCanada remembers - the Canadian Forces in the Balkans |w(CaOODSP)9.700027
791 |tThe Canadian Forces in the Balkans |eeng|w(CaOODSP)9.666541